000 00334nam a2200133Ia 4500
005 20260328104316.0
008 260328s9999||||xx |||||||||||||| ||und||
100 _aMinguet, Anna
245 0 _aEco Homes in unusual Places living in Nature /
_cAnna Minguet
260 _bMonsa
300 _a134 p.
650 _aVIVIENDA
942 _cBK
999 _c11158
_d11158